| 000 | 01052nam a22002177a 4500 | ||
|---|---|---|---|
| 999 |
_c7035 _d7035 |
||
| 003 | OSt | ||
| 005 | 20190305130456.0 | ||
| 008 | 170516s2017 spc|||| o||||o0|0 0 cat|d | ||
| 017 | _aDL B 6636-2017 | ||
| 040 |
_aES-BaBC _bcat _cCDMR |
||
| 245 | 0 | 0 |
_aManual dels governs a Twitter _b: pautes per a institucions públiques a partir de l'experiència del Govern de Catalunya _h[recurs electrònic] |
| 260 |
_a[Barcelona] : _bGeneralitat de Catalunya. Departament de Presidència, _c2017 |
||
| 300 |
_a1 recurs electrònic (120 pàgines) : _bil·lustracions ; _c24 cm |
||
| 504 | _aBibliografia | ||
| 630 | 0 | 7 |
_aTwitter _2lemac |
| 650 | 0 | 7 |
_aXarxes socials en línia _zCatalunya _2lemac _93128 |
| 650 | 7 |
_aAdministració pública _zCatalunya _xParticipació ciutadana _xInnovacions tecnològiques _2lemac |
|
| 710 | 1 |
_aCatalunya _b -- Generalitat _91064 |
|
| 856 | 4 | 0 |
_yDisponible en línia (pdf) _z(accés lliure) _uhttp://atenciociutadana.gencat.cat/ca/serveis/xarxes-i-missatgeria-instantania/xarxes-socials/guies-i-normativa/manual-dels-governs-a-twitter/ |
| 942 |
_cRECURS_WEB _2udc |
||